Достойны высшего признания (Запись № 462047)

Подробности
000 -МАРКЕР
контрольное поле 02295nam0a2200397 4500
001 - ИДЕНТИФИКАТОР ЗАПИСИ
контрольное поле RU\NLR\bibl\84842
005 - ИДЕНТИФИКАТОР ВЕРСИИ
контрольное поле 20260405131344.0
021 ## - НОМЕР ГОСУДАРСТВЕННОЙ РЕГИСТРАЦИИ
Код страны Российская Федерация
Номер 1999-52143
Номер Листа государственной регистраци 2584
035 ## - ДРУГИЕ СИСТЕМНЫЕ НОМЕРА
Идентификатор записи (NLR Aleph) 000082858
100 ## - ДАННЫЕ ОБЩЕЙ ОБРАБОТКИ
Данные общей обработки 20000510d1999 |||y0rusy50 ca
101 0# - ЯЗЫК РЕСУРСА
Язык текста, звукозаписи и т.д. русский
102 ## - СТРАНА ПУБЛИКАЦИИ ИЛИ ПРОИЗВОДСТВА
Страна публикации Российская Федерация
105 ## - ПОЛЕ КОДИРОВАННЫХ ДАННЫХ: ТЕКСТОВЫЕ МАТЕРИАЛЫ, МОНОГРАФИЧЕСКИЕ
Кодированные данные о монографическом текстовом документе c |||||||||
200 1# - ЗАГЛАВИЕ И СВЕДЕНИЯ ОБ ОТВЕТСТВЕННОСТИ
Основное заглавие Достойны высшего признания
Сведения, относящиеся к заглавию Выдающиеся представители первого трансп. вуза России в высш. науч. и твор. учреждениях страны
Первые сведения об ответственности Г.А. Глащенков, Л.И. Коренев, Б.Ф. Тарасов, В.И. Ярохно
Последующие сведения об ответственности Под ред. проф. В.Е. Павлова
-- М-во путей сообщ. Рос. Федерации, Петерб. гос. ун-т путей сообщ.
210 ## - ПУБЛИКАЦИЯ, РАСПРОСТРАНЕНИЕ И ДР.
Место издания, распространения и т.д. СПб.
Имя издателя, распространителя и т. д. ПГУПС
Дата издания, распространения и т.д. 1999
215 ## - ФИЗИЧЕСКАЯ ХАРАКТЕРИСТИКА
Специфическое обозначение материала и объем 118,[1] с.
Другие сведения о физической характеристике портр.
Размеры 21
300 ## - ОБЩИЕ ПРИМЕЧАНИЯ
Текст примечания На тит.л.: Посвящ. 190-летию Петерб. гос. ун-та путей сообщ.
320 ## - ПРИМЕЧАНИЯ О НАЛИЧИИ В ДОКУМЕНТЕ БИБЛИОГРАФИИ / УКАЗАТЕЛЯ
Текст примечания Библиогр.: с. 104 и в подстроч. прим.
320 ## - ПРИМЕЧАНИЯ О НАЛИЧИИ В ДОКУМЕНТЕ БИБЛИОГРАФИИ / УКАЗАТЕЛЯ
Текст примечания Имен. указ.: с. 118
601 02 - НАИМЕНОВАНИЕ ОРГАНИЗАЦИИ КАК ПРЕДМЕТ
Начальный элемент ввода Ленинградский институт инженеров путей сообщения
Код системы psbo
-- ca
601 02 - НАИМЕНОВАНИЕ ОРГАНИЗАЦИИ КАК ПРЕДМЕТ
Начальный элемент ввода Петербургский государственный университет путей сообщения
Тематический подзаголовок Профессора и преподаватели
-- История
Системный номер авторитетной/нормативной записи 2166135
Идентификатор авторитетной/нормативной записи RU\NLR\auth\661303323
686 ## - ИНДЕКСЫ ДРУГИХ КЛАССИФИКАЦИЙ
Индекс Ч488.759.1
701 #1 - ИМЯ ЛИЦА - АЛЬТЕРНАТИВНАЯ ОТВЕТСТВЕННОСТЬ
Начальный элемент ввода Глащенков
Часть имени, кроме начального элемента ввода Г. А.
Расширение инициалов личного имени Георгий Александрович
Код отношения Автор
701 #1 - ИМЯ ЛИЦА - АЛЬТЕРНАТИВНАЯ ОТВЕТСТВЕННОСТЬ
Начальный элемент ввода Коренев
Часть имени, кроме начального элемента ввода Л. И.
Расширение инициалов личного имени Леонид Иванович
Код отношения Автор
701 #1 - ИМЯ ЛИЦА - АЛЬТЕРНАТИВНАЯ ОТВЕТСТВЕННОСТЬ
Код отношения Автор
Материалы, к которым относится поле rus
Графика поля Кириллица
Начальный элемент ввода Тарасов
Часть имени, кроме начального элемента ввода Б. Ф.
Дополнения к именам, кроме дат д-р техн. наук
Расширение инициалов личного имени Борис Федорович
Идентификатор авторитетной/нормативной записи RU\NLR\AUTH\7743391
Системный номер авторитетной/нормативной записи 26334
701 #1 - ИМЯ ЛИЦА - АЛЬТЕРНАТИВНАЯ ОТВЕТСТВЕННОСТЬ
Начальный элемент ввода Ярохно
Часть имени, кроме начального элемента ввода В. И.
Даты 1934-2011
Расширение инициалов личного имени Василий Иванович
Код отношения Автор
702 #1 - ИМЯ ЛИЦА - ВТОРИЧНАЯ ОТВЕТСТВЕННОСТЬ
Код отношения Редактор
Материалы, к которым относится поле rus
Графика поля Кириллица
Начальный элемент ввода Павлов
Часть имени, кроме начального элемента ввода В. Е.
Дополнения к именам, кроме дат д-р техн. наук
Даты 1931-
Расширение инициалов личного имени Владимир Егорович
Идентификатор авторитетной/нормативной записи RU\NLR\AUTH\7752370
Системный номер авторитетной/нормативной записи 35303
801 #0 - ИСТОЧНИК ЗАПИСИ
Страна Российская Федерация
Организация NLR
Дата составления 20000510
Правила каталогизации PSBO
801 #1 - ИСТОЧНИК ЗАПИСИ
Страна Российская Федерация
Организация NLR
Дата составления 20000510
830 ## - ОБЩЕЕ ПРИМЕЧАНИЕ, СОСТАВЛЕННОЕ КАТАЛОГИЗАТОРОМ
Текст примечания Авт. по кн.
852 ## - МЕСТОНАХОЖДЕНИЕ И ШИФР ХРАНЕНИЯ
Идентификатор организации NLR
Шифр хранения (Call Number) С К-2/8200
942 ## - ДОПОЛНИТЕЛЬНЫЕ ЭЛЕМЕНТЫ ЗАПИСИ (АБИС)
Тип экземпляра АБИС Книга
980 ## - КОЛЛЕКЦИЯ
Название коллекции Национальная библиография
Экземпляры
Тип экземпляра Дата поступления Источник поступления Библиотека постоянного хранения Библиотека текущего хранения Место хранения Шифр хранения Штрих-код Статус экземпляра
Книга 10.05.2000 Обязательный экземпляр РНБ (Московский) РНБ (Московский) Центральная справочная библиотека С К-2/8200 1-2953320  
Книга 10.05.2000 Обязательный экземпляр РНБ (Московский) РНБ (Московский) Центральная справочная библиотека С К-2/8200 1-1728327